000 00533pab a2200169 454500
008 180718b2002 xxu||||| |||| 00| 0 eng d
100 _aAkindele, S.T.
245 _aFiscal federalism and local government finance in Nigeria: an examination of revenue rights and fiscal jurisdiction
260 _c2002
362 _aDec
650 _aLocal government - Nigeria
650 _aLocal government
700 _aObiyan, A. Sat
700 _aOlaopa, O.R.
773 _aInternational Review of Administrative Sciences
909 _a55307
999 _c55307
_d55307